| 000 | 00518nam a2200145 a 4500 | ||
|---|---|---|---|
| 008 | 120416s0000 ||||||||||||||||| || u | ||
| 020 | _a0852968043 | ||
| 050 | _aTK 5105 Dat | ||
| 100 | _aBrewster, R. L | ||
| 245 | 1 | 0 |
_aData communications and networks 3 _cedited by R. L. Brewster |
| 260 |
_aLondon _bThe IEE _c1994 |
||
| 300 | _axiii, 237p. : ill. | ||
| 350 | _a0.00 | ||
| 995 |
_D0.00 _FCBU-MAIN LIBRARY (Kitwe) _H1 _I39.00 _M1 _UDAMAGED _ZMain Library Open Access Collection |
||
| 999 |
_c39397 _d39397 |
||